Quizzes
Events
Quiz Creation
Community
Videos
Private Events
Remove Ads
Sign In
Join for FREE
Feedback
Dark Mode
Quiz Categories
Sports
Geography
Music
Movies
Television
Just For Fun
Miscellaneous
History
Literature
Language
Science
Gaming
Entertainment
Religion
Holiday
For Kids
Quiz Lab
Recent
Popular Today
Quiz Kudos Today
Editor Picks
Curator Picks
Quizzes by...
Day
Popularity
Type
Ratings
Length
Year
Community
Subscriptions
Recent Discussions
Orange Saloon
Badges
Playlists
Quests
Create
Leaderboards
Showdown
Live 5
Trivia Bingo
Activity
Puzzle Library
Sporcle Events
Private Events
Virtual Trivia
Globe League
Become a Host
Pub Owners
SporcleCon
Opinionation
Our Games
Videos
Blog
Mobile Apps
Partnerships
Remove Ads and Go Orange
Feedback
Geography
Country
Landmarks
City
State
Population
World
Capital
Continent
Flags
Europe
Africa
Asia
South America
North America
Oceania
Border
Canada
United Kingdom
Topography
United States
Geography
Country
Landmarks
City
State
Population
World
Capital
Continent
Flags
Europe
Africa
Asia
South America
North America
Oceania
Border
Canada
United Kingdom
Topography
United States
Random Quiz
Search Sporcle
×
Editor Pick
Editor Pick
Geography
Canada
Type in answers that appear in a list
Type in answers that appear in a list
Classic
Best Score? Go Orange.
Most Populous Ontario Municipalities By Any 3 Letters Stats
Can you name the top 300 most populous municipalities in Ontario by any 3 letters?
By
iVan_B
10m
300 Questions
1,782 Plays
1,782 Plays
1,782 Plays
Comments
Comments
Give Quiz Kudos
Give Quiz Kudos
-
- Ratings
hide this ad
More Info
Replay
Link that replays current quiz
Next Quiz
Link to next quiz in quiz playlist
You Got
0%
They Got
Avg Score
69%
Avg Friend Score
Upgrade to see
Score Distribution
Jump to the score distribution portion of the page
Score
0/300
Timer
10:00
0
Plays Today
Population
Municipality
% Correct
6873
North Stormont
98.2%
13110
South Stormont
97.8%
2731571
Toronto
95.6%
2524
Tyendinaga Mohawk Territory
94.1%
3257
Timiskaming, Unorganized, West Part
94%
35325
Bradford West Gwillimbury
93%
11914
Wellington North
92.9%
2712
Northeastern Manitoulin and the Islands
92.5%
17511
Niagara-on-the-Lake
92.2%
7773
Drummond/North Elmsley
92.2%
536917
Hamilton
92%
2755
Sudbury, Unorganized, North Part
92%
10942
Hamilton (Township)
91.9%
123798
Kingston
91.3%
9920
Temiskaming Shores
91.1%
5872
Thunder Bay, Unorganized
91.1%
2915
North Algona Wilberforce
91.1%
3999
Northern Bruce Peninsula
90.7%
2143
Parry Sound, Unorganized, Centre Part
90.6%
13191
Thames Centre
90.6%
593638
Brampton
90.5%
6670
Otonabee-South Monaghan
90.3%
4530
Havelock-Belmont-Methuen
90.1%
2479
North Kawartha
90%
28191
Centre Wellington
89.9%
16451
North Grenville
89.8%
2865
Cochrane, Unorganized, North Part
89.7%
183314
Burlington
89.7%
3953
Marmora and Lake
89.7%
101647
Chatham-Kent
89.5%
5739
Algoma, Unorganized, North Part
89.2%
3296
East Hawkesbury
89.1%
23991
East Gwillimbury
89%
161531
Greater Sudbury
88.4%
18646
South Frontenac
88.4%
21552
Kingsville
88.3%
51553
North Bay
88.2%
7702
Stone Mills
88%
7664
South-West Oxford
88%
2420
Killaloe, Hagarty and Richards
87.8%
6737
Kenora, Unorganized
87.6%
13130
North Perth
87.5%
12261
Perth East
87.5%
10109
North Glengarry
87.5%
4932
North Huron
87.5%
11278
North Dundas
87.3%
6352
North Middlesex
87.3%
2323
Addington Highlands
87.2%
2935
Admaston/Bromley
87.1%
19059
Springwater
87%
73368
Sault Ste. Marie
86.9%
10215
North Dumfries
86.8%
8706
Champlain
86.6%
61161
Halton Hills
86.6%
2411
Brooke-Alvinston
86.6%
4636
Greenstone
86.5%
3343
Highlands East
86.4%
3067
Merrickville-Wolford
86.4%
15096
Kenora
86.3%
13163
Mississippi Mills
86.3%
7396
Bayham
86.2%
4109
Asphodel-Norwood
86.2%
64044
Norfolk County
86.1%
5422
Ashfield-Colborne-Wawanosh
86%
14364
West Nipissing
85.8%
14500
West Lincoln
85.3%
7399
Blandford-Blenheim
85.3%
5723
Southwest Middlesex
85.3%
328966
Markham
85.3%
10644
Carleton Place
85.3%
75423
Kawartha Lakes
85.2%
27595
Leamington
85.2%
7129
East Zorra-Tavistock
84.9%
45837
Whitchurch-Stouffville
84.8%
3810
Perth South
84.8%
92013
Clarington
84.6%
3761
Montague
84.5%
8865
West Perth
84.4%
8416
South Bruce Peninsula
84.4%
133113
St. Catharines
84.3%
4078
Hastings Highlands
84.2%
97496
Brantford
84.1%
6408
Parry Sound
84%
11001
Norwich
84%
110128
Milton
83.9%
3863
Callander
83.9%
9461
Brockton
83.8%
7795
Plympton-Wyoming
83.6%
195022
Richmond Hill
83.6%
24512
Clarence-Rockland
83.5%
13150
South Glengarry
83.5%
24512
King
83.4%
10096
South Huron
83.4%
21341
Owen Sound
83.3%
10631
Lambton Shores
83.2%
4882
Stirling-Rawdon
83.1%
2956
Grand Valley
83.1%
45608
Haldimand County
83.1%
7981
Kirkland Lake
83%
4995
West Elgin
82.9%
Population
Municipality
% Correct
10833
South Dundas
82.7%
4774
Centre Hastings
82.7%
3866
Dutton/Dunwich
82.7%
9138
Huron East
82.6%
9465
Leeds and the Thousand Islands
82.5%
5639
South Bruce
82.5%
52293
Welland
82.4%
12518
West Grey
82.4%
9680
Alfred and Plantagenet
82.3%
7009
Whitewater Region
82.3%
2579
East Garafraxa
82.3%
6869
Alnwick/Haldimand
82.2%
107909
Thunder Bay
82.1%
7354
Southgate
82.1%
21793
Collingwood
82%
7265
St. Marys
81.9%
383822
London
81.8%
2438
Black River-Matheson
81.7%
11844
Brighton
81.7%
43577
Quinte West
81.6%
15872
Tillsonburg
81.6%
934243
Ottawa
81.6%
10527
Mapleton
81.5%
7093
Edwardsburgh/Cardinal
81.5%
2518
Greater Madawaska
81.3%
4421
Southwold
81.1%
4750
East Ferris
80.9%
9854
Elizabethtown-Kitley
80.7%
88071
Niagara Falls
80.4%
4373
Central Frontenac
80.3%
12900
Trent Hills
80.2%
2887
Horton
80.2%
2961
Laurentian Hills
80.1%
4222
Prescott
79.8%
2351
Algonquin Highlands
79.5%
50716
Belleville
79.4%
5397
Trent Lakes
79.4%
28900
Orangeville
79.3%
16864
Midland
79.3%
7069
Huron-Kinloss
79.2%
91771
Pickering
79.1%
193832
Oakville
78.7%
30710
Fort Erie
78.5%
17110
Pelham
78.3%
5338
Lanark Highlands
78.2%
11389
Kincardine
78.1%
81032
Peterborough
78%
21346
Brockville
77.9%
2656
Markstay-Warren
77.9%
7025
The Blue Mountains
77.5%
15892
Greater Napanee
77.3%
721599
Mississauga
77.2%
10975
Adjala-Tosorontio
77.2%
17262
Middlesex Centre
77.2%
21036
Oro-Medonte
77%
38909
St. Thomas
76.8%
3273
Marathon
76.8%
9804
Grey Highlands
76.8%
7136
Bluewater
76.8%
4123
Madawaska Valley
76.6%
21936
Amherstburg
76.3%
6088
Minden Hills
76.2%
9387
Laurentian Valley
76.1%
14086
St. Clair
75.9%
16010
Bracebridge
75.7%
3167
Lake of Bays
75.5%
104986
Waterloo
75.4%
19816
Huntsville
75.3%
36611
Lakeshore
74.5%
36707
Brant
74.3%
3472
Blind River
73.9%
84224
Newmarket
73.8%
10263
Hawkesbury
73.6%
4079
Amaranth
73.1%
7739
Fort Frances
73.1%
12808
The Nation
73%
233222
Kitchener
72.6%
8126
Shelburne
72.4%
3674
Bonnechere Valley
72.3%
3013
Athens
72%
7576
Central Huron
71.8%
18306
Port Colborne
71.8%
10741
Elliot Lake
71.7%
159458
Oshawa
71.5%
8292
Kapuskasing
71.4%
13715
Saugeen Shores
71.2%
31465
Stratford
71.2%
16753
Port Hope
71%
6588
Muskoka Lakes
71%
12757
Ingersoll
70.7%
10326
Rideau Lakes
70.4%
217188
Windsor
69.8%
11260
Wellesley
69.8%
2499
Georgian Bay
69.8%
8829
Cavan Monaghan
69.5%
20867
Strathroy-Caradoc
69.5%
2607
Front of Yonge
69.3%
3214
Sables-Spanish Rivers
69.2%
7178
McNab-Braeside
69%
7628
Goderich
68.8%
Population
Municipality
% Correct
4107
Red Lake
68.6%
12607
Central Elgin
68.5%
2798
Shuniah
67.8%
66502
Caledon
67.7%
10991
Meaford
67.2%
9488
Ramara
67%
8780
Smiths Falls
66.9%
2662
French River
66.9%
40902
Woodstock
66.5%
3008
Melancthon
66%
71594
Sarnia
65.9%
24735
Prince Edward County
64.9%
6630
Chatsworth
64.9%
12854
Guelph/Eramosa
64.4%
4537
Iroquois Falls
63.5%
31166
Orillia
63.4%
5665
Tay Valley
63.4%
141434
Barrie
62.9%
17187
Petawawa
62.8%
46589
Cornwall
62.8%
2796
Enniskillen
62.7%
306233
Vaughan
62.3%
129920
Cambridge
62.3%
8962
Penetanguishene
62.2%
18801
Thorold
61.4%
4109
Deep River
61%
3496
Morris-Turnberry
60.7%
23787
Lincoln
60.7%
6803
Arran-Elderslie
60%
30180
LaSalle
58.7%
34242
New Tecumseth
58.2%
5930
Perth
57.8%
12311
Gravenhurst
56.9%
5742
Petrolia
55.8%
7688
Hanover
55.2%
2454
Perry
55%
41788
Timmins
54.7%
11642
Brock
54.4%
21176
Uxbridge
54.4%
2702
McDougall
53.9%
3548
Casselman
53.7%
25006
Woolwich
53.2%
5159
Gananoque
52.7%
6280
Dysart et al
52.7%
8609
Mono
52.1%
2990
Adelaide-Metcalfe
50.1%
8671
Minto
50%
7336
Puslinch
49.9%
13882
Pembroke
49.8%
20675
Wasaga Beach
47.8%
55445
Aurora
47.3%
10479
Georgian Bluffs
46.1%
3455
Powassan
45.6%
5922
Oliver Paipoonge
44.7%
45418
Georgina
44.7%
16520
Russell
44.4%
2905
Wawa
43.6%
131794
Guelph
42.6%
128377
Whitby
42.3%
4297
Tyendinaga
41.5%
5321
Cochrane
41.3%
7353
Augusta
40.7%
20427
Essex
40.5%
8223
Renfrew
40.4%
19440
Cobourg
39.9%
8795
Arnprior
39.7%
13477
Severn
39.3%
5272
Sioux Lookout
38.5%
3692
Warwick
38.3%
14151
Clearview
37.5%
6709
Douro-Dummer
37.2%
11439
Erin
35%
7749
Dryden
34.7%
6372
Wainfleet
33.1%
4700
Lucan Biddulph
33.1%
4996
Espanola
31.3%
3873
Howick
31.1%
3881
Bancroft
30.2%
27314
Grimsby
29.8%
9292
Malahide
29.7%
2500
Wikwemikong Unceded
28.6%
6355
Cramahe
27.9%
5070
Hearst
27.7%
119677
Ajax
27.6%
7492
Aylmer
25%
21083
Essa
24.7%
2753
Atikokan
23.9%
36566
Innisfil
23.5%
16971
Loyalist
22.5%
7644
Beckwith
22.1%
11787
Tiny
21.9%
20545
Wilmot
17.5%
8138
Zorra
17.3%
23229
Tecumseh
13.1%
17060
Selwyn
9%
10033
Tay
8.9%
6044
Tweed
8.6%
3478
Mulmur
8.2%
4304
Seguin
6.8%
21617
Scugog
6.7%
Quiz Playlist
Details
Report
Send in Message
Add To Playlist
More Info:
Municipalities are as defined in the 2001 Ontario Municipal Act. Populations are as of the 2016 Census.
Classic:
Type in answers that appear in a list
Quiz Source
Last Updated: May 3, 2019
Editor Pick in
Geography
Curator Pick in
Canada
Quiz Scoreboard
CHALLENGE
Sign Up to Join the Scoreboard
Show All
Scores
Hide
Comments
May contain spoilers
Recently Published
College Basketball Coaching Resumes
by pancakes188
Sports
9m
Billboard Blitz: Fleetwood Mac
by CooCooCachoo
Music
15s
Presidents Visiting Landmarks
by Hejman
History
7m
More to Explore
Quiz From the Vault
Featured Blog Post
Where Did the Easter Bunny Come From?
hide this ad
You Might Also Like...
Tags
Canada Quiz
300
Any 3 Letters
Canadian Cities
Largest Municipalities
ontario
Town
Today's Top Quizzes in Geography
Browse Geography
hide this ad
Today's Top Quizzes in Canada
Browse Canada
Top Contributed Quizzes in Geography
1
Countries of the World - No Outlines Minefield
2
Top 25 Cities of France on a map
3
Any capital of a 'B' country per Continent
4
Any capital of a 'C' country per Continent
5
Closest Countries to UK A-Z
6
Any capital of a 'D' country per Continent
7
5-to-1: US Geography No Hints
8
Any capital of an 'E' country per Continent
9
One Thing in Common: United Kingdom
10
Click the Alabama Counties! (Map)
Explore More
Trending Topics
Anime
Kpop
Harry Potter
Disney
Marvel
NBA
Crossword
Pokémon
NFL
Soccer
WWE
Country
The Office
Song
Puzzle
hide this ad
More By:
iVan_B
Quiz
Plays
Rating
Category
Featured
Created
Countries with a Top 300 University
2,382
4.92
Geography
May 3, 2019
Most Populous Ontario Municipalities By Any 3 Letters
1,782
5.00
Geography
May 1, 2019
Top University Cities by Any 3 Letters
1,586
5.00
Geography
May 3, 2019
Largest Canadian Cities by Province Any 3 Letters
569
4.71
Geography
May 5, 2019
Largest Lakes in Canada by Any 3 Letters
264
5.00
Geography
May 2, 2019
Go to Creator's Profile
Score Distribution
Quiz Creator Spotlight
iVan_B
Follow
Send a Message
Quizzes Created
-
Created Quiz Play Count
-
More By This Creator
Popular Quizzes Today
1
Find the US States - No Outlines Minefield
2
Find the Countries of Europe - No Outlines Minefield
3
The Countries of the World
4
Find the US States
5
Risky Map Clicking: Biggest States A-Z
6
US States
7
Popular People in 1961
8
Movies - When Are They Set?
More Geography Quizzes
Where Is That 'H' City?
Published
Trending Quizzes
Risky Map Clicking: Least Populous States A-Z
1-10 Letter G Words
1-10 Letter F Words
Risky Map Clicking: Next State Alphabetically
Risky Map Clicking: Biggest States A-Z
Recently Updated
Leaping Animals
pecheneg
Reality TV Shows (A-Z)
bhenderson79
Rickey Henderson's Hall of Fame Teammates
pecheneg
Champions League XIs: Arsenal
pecheneg
Quick Pick: Celebrities in WWE's Hall of Fame
aduchscher
A-Z Keypad Blitz II
pecheneg
Multiple Oscar Actors
pecheneg
Mystery Phrase Blitz: Oscar 'Best Actors'
pecheneg
F. Scott Fitzgerald Novels
LTH
Pick 3 Villains
ddd62291
Trending Topics
NBA
Crossword
Marvel
Kpop
Disney
Harry Potter
Anime
Puzzle
Soccer
The Office
NFL
Country
Song
Pokémon
WWE
Your Account Isn't Verified!
In order to create a playlist on Sporcle, you need to verify the email address you used during registration. Go to your
Sporcle Settings
to finish the process.
Report this User
Report this user for behavior that violates our
Community Guidelines
.
Details:
Send Report
Go to the Sporcle.com Mobile Site →
Comments